| 000 | 00475nam a22001697a 4500 | ||
|---|---|---|---|
| 005 | 20251108170912.0 | ||
| 008 | 250721s1995 xx 000 0 ara d | ||
| 082 | 1 | 4 | _aط/646.36/شعب |
| 100 | 1 | _aعبد الفتاح، شعبان | |
| 245 | 1 | 0 | _aملابس الأطفال / |
| 264 |
_bدار صفاء للطباعة والنشر، _c1995. |
||
| 300 | _a224ص | ||
| 650 | 1 | 7 | _aالملابس |
| 650 | 1 | 7 | _aملابس الأطفال |
| 942 |
_2ddc _cBK |
||
| 999 |
_c51717 _d51717 |
||